000 01130nam a2200229 a 4500
001 54654
005 20180714045611.0
008 140415s2009 sp 000 0 spa d
020 _a9788483225950
041 _aspa
082 _a658.1
_bDOU
100 1 _aDOUMA, SYTSE
245 1 0 _aENFOQUES ECONOMICOS PARA EL ANALISIS DE LAS ORGANIZACIONES
250 _a4ed.
260 _aESPAÑA :
_bPEARSON EDUCACION,
_c2009
300 _a620
_c19.5 x 1.8 x 25
520 _aESTE LIBRO ESTA DIRIGIDO A ESTUDIANTES DE ORGANIZACIONES Y DIRECCION DE EMPRESAS Y ADOPTA UN ENFOQUE DIFERENTE EL CUAL HA SIDO DISEÑADO COMO UN TEXTO INTRODUCTORIO DESDE UNA PERSPECTIVA ECONOMICA. LAS PRINCIPALES DIFERENCIAS ENTRE ESTA CUARTA EDICION Y LAS PREVIAS SON QUE INCLUYE JUEGOS SOBRE LA TEORIA EVOLUTIVA, INTRODUCE EL CONCEPTO DE CAPACIDADES DINAMICAS Y SE INCLUYEN TRES NUEVOS CAPITULOS SOBRE FUSIONES Y ADQUISICIONES.
650 1 4 _aANALISIS ECONOMICO
_xDESARROLLO ORGANIZACIONAL
_xECONOMIA
700 1 _aFORCADELL MARTINEZ, FRANCISCO
_etr.
740 _aECONOMIC APPROACHES TO ORGANIZATIONS
700 1 _aSCHREUDER, HEIN
_ecoaut.
999 _c54654
_d54654